|
|
|
|
| LEADER |
00000ny a22000003n 4500 |
| 005 |
20110512105231.0 |
| 006 |
sqr p s g 0 a0 |
| 007 |
cr cnu---m|a|a |
| 008 |
050520c 9999us f j eng c |
| 010 |
|
|
|a 37018290
|
| 016 |
7 |
|
|a 100972040
|2 DNLM
|
| 022 |
|
|
|a 0026-6604
|
| 035 |
|
|
|a 3175
|
| 040 |
|
|
|a SpMaUCDE
|d vLex
|
| 080 |
|
|
|a 34(05)(086)
|
| 090 |
|
|
|c 1737
|d 1737
|
| 245 |
0 |
0 |
|a Missouri law review
|h [Recurso electrn̤ico]
|c University of Missouri, School of Law.
|
| 256 |
|
|
|a Servicio en ln̕ea
|
| 260 |
|
|
|a Columbia:
|b School of Law,University of Missouri-Columbia
|
| 310 |
|
|
|a Trimestral.
|
| 506 |
1 |
|
|a Contenido solo disponible en los productos indicados
|d vLex Global
|d vLex Global (Academic Edition, excluding Law Schools)
|d vLex Global (Academic Edition, Law Schools)
|
| 650 |
0 |
4 |
|a Derecho
|x Publicaciones perid̤icas
|
| 650 |
0 |
4 |
|a Law
|
| 740 |
0 |
|
|a vLex Revista (Servicios en ln̕ea)
|
| 843 |
|
|
|a Electrn̤ica. Abierta
|
| 853 |
|
|
|8 1
|i (year)
|j (month)
|k (day)
|
| 856 |
4 |
0 |
|u http://vlex.com/source/3175
|z Acceso restringido
|
| 942 |
|
|
|c REV
|
| 999 |
0 |
4 |
|a Derecho
|v En ln̕ea.
|